| 000 | 01367nam a22002777a 4500 | ||
|---|---|---|---|
| 003 | OSt | ||
| 005 | 20250321041524.0 | ||
| 008 | 250307b ||||| |||| 00| 0 eng d | ||
| 040 |
_bEnglish. _cCvSU-CCAT Campus Library. _erda. |
||
| 050 |
_aUM LB 3051 _bD83 2012 |
||
| 100 |
_aDualan, Alenie B., author. _914722 |
||
| 245 |
_aComparative analysis of the results of the Standardized Aptitude Test for The Teachers (SATT) of the BSE and BSIE Students of CvSU-R S.Y. 2007-2008 to 2009-2010 _cAlenie B. Dualan, Diana Camille C. Mercado, Joanna Lee A. Ricafrente. |
||
| 260 |
_aRosario, Cavite : _bCavite State University-CCAT Campus, _c2012 |
||
| 300 |
_avi, 50 leaves : _billustrations ; _c28 cm |
||
| 500 | _aUndergraduate Thesis (BSIE Major in Girls Trade and Food Technology) -- Cavite State University-CCAT Campus, 2012. | ||
| 504 | _aIncludes bibliographical references and appendices. | ||
| 546 | _aIn English text | ||
| 650 |
_aComparative analysis. _99560 |
||
| 650 |
_aStandardized Aptitude Test -- Teachers. _915357 |
||
| 650 |
_aBSIE and BSE -- Comparative analysis for Teachers. _915358 |
||
| 700 |
_aMercardo, Diana Camille C., author. _915359 |
||
| 700 |
_aRicafrente, Joanna Lee A., author. _915360 |
||
| 700 |
_aMerced, Caridad S., adviser. _910334 |
||
| 942 |
_2lcc _cT/M/D _kUM _hLB 3051 D83 2012 |
||
| 999 |
_c3912 _d3912 |
||